000 00518nam a2200181 i 4500
001 50810
003 ES-MaACL
005 20240507111708.0
007 t|
008 030806s1929 fr ||||1| fre d
100 1 _aChambrun, Longworth.
_937871
245 1 0 _aHamlet de Shakespeare /
_cLongworth Chambrun.
260 _aParis :
_b[s.n.],
_c1929 (
_fF. Paillart)
300 _a148 p. ;
_c19 cm.
600 1 4 _aShakespeare, William,
_d1564-1616.
_tHamlet
_9105997
852 _aES-MaACL
_jA-3169
999 _c50810
_d50810